Kentucky's mineral resources, (Record no. 26574)
[ view plain ]
| 000 -LEADER | |
|---|---|
| fixed length control field | 00999cam a22002291 4500 |
| 001 - CONTROL NUMBER | |
| control field | gs 27000263 |
| 003 - CONTROL NUMBER IDENTIFIER | |
| control field | DLC |
| 005 - DATE AND TIME OF LATEST TRANSACTION | |
| control field | 20260227111331.0 |
| 008 - FIXED-LENGTH DATA ELEMENTS--GENERAL INFORMATION | |
| fixed length control field | 820826s1927 kyu 000 0 eng c |
| 010 ## - LIBRARY OF CONGRESS CONTROL NUMBER | |
| LC control number | gs 27000263 |
| 035 ## - SYSTEM CONTROL NUMBER | |
| System control number | (OCoLC)8721884 |
| 040 ## - CATALOGING SOURCE | |
| Original cataloging agency | U. S. Geol. Survey. Libr. |
| Transcribing agency | GStG |
| Modifying agency | KyBB |
| -- | OCoLC |
| -- | DLC |
| 042 ## - AUTHENTICATION CODE | |
| Authentication code | premarc |
| 050 00 - LIBRARY OF CONGRESS CALL NUMBER | |
| Classification number | QE115 |
| Item number | .A3 ser. 6, pam. 13 |
| 051 ## - LIBRARY OF CONGRESS COPY, ISSUE, OFFPRINT STATEMENT | |
| Classification number | TN24.K4 |
| Item number | J56 |
| Copy information | Copy 2. |
| 100 1# - MAIN ENTRY--PERSONAL NAME | |
| Personal name | Jillson, Willard Rouse, |
| Dates associated with a name | 1890- |
| 245 10 - TITLE STATEMENT | |
| Title | Kentucky's mineral resources, |
| Remainder of title | a brief geologic and geographic review, coupled with summary statistics of production, |
| Statement of responsibility, etc. | by Willard Rouse Jillson, director and state geologist. Thirty-seven photographic illustrations and mineral index maps of Kentucky. |
| 260 ## - PUBLICATION, DISTRIBUTION, ETC. | |
| Place of publication, distribution, etc. | Frankfort, Kentucky, |
| Name of publisher, distributor, etc. | The Kentucky Geological Survey, |
| Date of publication, distribution, etc. | 1927. |
| 300 ## - PHYSICAL DESCRIPTION | |
| Extent | 45 p. |
| Other physical details | incl. front., illus., maps, tables. |
| Dimensions | 23 cm. |
| 410 20 - SERIES STATEMENT/ADDED ENTRY--CORPORATE NAME [OBSOLETE, CAN/MARC], [LOCAL, USA] | |
| Corporate name or jurisdiction name as entry element | Kentucky Geological Survey. |
| Title of a work | Series VI. Pamphlet, |
| Volume number/sequential designation | no. 13. |
| 650 #0 - SUBJECT ADDED ENTRY--TOPICAL TERM | |
| Topical term or geographic name entry element | Mines and mineral resources |
| Geographic subdivision | Kentucky. |
No items available.